000 00276nam a22001337a 4500
008 171227b xxu||||| |||| 00| 0 eng d
020 _a9781840673005
041 _aeng
080 _a2
100 _a24
101 _aTEO
245 _aTHE BUDDHISM
_cROY.G
942 _2udc
_cBK
999 _c39441
_d39441